Producción de trigo inoculado con Azospirillum brasilense en distintos tipos de suelos /

Guardado en:
Autor Principal: Ajis Blanco, Juan José.
Autor Corporativo: Universidad Nacional del Sur. Departamento de Agronomía.
Otros Autores: Bravo, Oscar Abel, (tutor.)
Formato: Libro
Idioma:Spanish
Publicado: Bahía Blanca, 2016.
Etiquetas: Agregar Etiqueta
Sin Etiquetas, Sea el primero en etiquetar este registro!
LEADER 00732nam a22001695a 4500
001 EEA.libagro010741
005 20181010091959.0
008 140403s2016####ag#a##########000#0#spa#d
082 0 4 |a 633.11 
100 1 |a Ajis Blanco, Juan José. 
245 1 0 |a Producción de trigo inoculado con Azospirillum brasilense en distintos tipos de suelos /  |c Juan José Ajis Blanco. 
260 |a Bahía Blanca,  |c 2016. 
300 |a 51 h. :  |b il. col. ;  |c 30 cm. 
500 |a Trabajo de intensificación (Ingeniero Agrónomo) -- Universidad Nacional del Sur. Departamento de Agronomía, 2016. 
700 1 |a Bravo, Oscar Abel,  |e tutor. 
710 2 |a Universidad Nacional del Sur.  |b Departamento de Agronomía. 
859 |a AR-BbBCA  |b BIB. AGRONOMIA  |h 633.11  |i A312  |p 2016/6703